Espejo y enigma /
Na minha lista:
| Autor principal: | |
|---|---|
| Outros Autores: | |
| Formato: | Livro |
| Idioma: | espanhol |
| Publicado em: |
Guadalajara, México :
Amate,
1999, c1999
|
| Edição: | 2a edición |
| Assuntos: | |
| Tags: |
Sem tags, seja o primeiro a adicionar uma tag!
|
MARC
| LEADER | 00000nam^a2200000^a^4500 | ||
|---|---|---|---|
| 001 | 000391261 | ||
| 005 | 20250521000000.0 | ||
| 009 | 20260310121210.389 | ||
| 020 | |a 968-5206-16-3 | ||
| 025 | |a Donación Luis Octavio Lozano, 1 ejemplar | ||
| 037 | |a Acervo Xavier Clavigero | ||
| 041 | |a ESP | ||
| 082 | |a 861. |b ASI | ||
| 100 | |a Asinello, |c Fray |e (autor) | ||
| 245 | 1 | 0 | |a Espejo y enigma / |c F. Asinello ; presen. de T. de Híjar Ornelas. |
| 250 | |a 2a edición | ||
| 264 | 4 | |a Guadalajara, México : |b Amate, |c 1999, c1999 | |
| 300 | |a 207 p. | ||
| 336 | |a texto |b txt |2 rdacontenido | ||
| 337 | |a sin mediación |b n |2 rdamedio | ||
| 338 | |a volumen |b nc |2 rdasoporte | ||
| 649 | |a XX | ||
| 650 | |a Poesía Jalisciense | ||
| 650 | |a Poesía Mexicana | ||
| 650 | |a Poesía Religiosa - |z Jalisco | ||
| 650 | |a Poesía Religiosa - |z México | ||
| 650 | |a Literatura Jalisciense - |y Siglo XX | ||
| 650 | |a Literatura Mexicana - |y Siglo XX | ||
| 650 | |a Literatura Religiosa - |z Jalisco | ||
| 650 | |a Literatura Religiosa - |z México | ||
| 700 | |a Híjar Ornelas, Tomás de |e (presentación) | ||
| 910 | |a Fondo General | ||
| 920 | |a Impresos - Libros | ||
| 930 | |a Colección General | ||
| 940 | |a Literatura | ||
| 905 | |a 101 | ||
| 901 | |a 0500286162 |b IT1 |c LIT |i FXC D2840 |u 20250521 | ||
| 902 | |a https://opac.biblio.iteso.mx/vufind/Record/000391261 | ||